00347nam a2200133Ia 4500008004100000020001200041041001200053082001600065100001500081245005600096260003700152300000800189650001600197221030s9999 xx 000 0 und d a00DA007 aEnglish a105.23bGau aR. K. Gour 0aDigital Electronics & Microcomputerscby R. K. Gour bDhanpat Rai PubaNew Delhic2004 a394 aBE Computer